| 000 | 00702nam a2200205 i 4500 | ||
|---|---|---|---|
| 001 | 117143 | ||
| 003 | ES-MaACL | ||
| 005 | 20251012192033.0 | ||
| 007 | t| | ||
| 008 | 070301s1959 sp f |||| |bspa d | ||
| 100 | 1 |
_aPastor Beltrán, Angel. _989495 |
|
| 245 | 1 | 4 |
_aLos escolapios y los sitios de Zaragoza _b: biografía del Padre Boggiero / _cpor el P. Angel Pastor Beltrán. |
| 260 |
_aZaragoza : _b[s.n.], _c1959 ( _fImp. Heraldo de Aragón) |
||
| 300 |
_a258 p., 10 láms ; _c21 cm. |
||
| 600 | 1 | 7 |
_aBoggiero, Basilio, _d1752-1809 _2 _9152609 |
| 610 | 2 | 4 |
_aEscolapios _93513 |
| 651 | 4 |
_aZaragoza- _xHistoria- _yS.XIX. _9143645 |
|
| 852 |
_aES-MaACL _jC-19594 |
||
| 999 |
_c117143 _d117143 |
||